[Event "Gebze op 5th"]
[Site "Kocaeli"]
[Date "2014.09.21"]
[Round "3"]
[White "Grigoriev, Armen"]
[Black "Borekcioglu, Zeynep Dilara"]
[Result "1-0"]
[WhiteElo "2199"]
[BlackElo "1702"]
[PlyCount "77"]
[EventDate "2014.09.20"]
[EventType "swiss"]
[EventRounds "9"]
[EventCountry "TUR"]
[SourceTitle "CBM 162 Extra"]
[Source "ChessBase"]
[SourceDate "2014.10.17"]
[SourceVersion "1"]
[SourceVersionDate "2014.10.17"]
[SourceQuality "1"]

1. c4 g6 2. d4 Bg7 3. Nc3 d6 4. e4 Nf6 5. f4 0-0 6. Nf3 Na6 7. Bd3 c5 8. d5 Bd7 9. 0-0 Nc7 10. Qe2 Qc8 11. Bd2 Rb8 12. Rae1 Re8 13. e5 Ng4 14. h3 Nh6 15. g4 Kh8 16. a4 a6 17. a5 b5 18. axb6 Rxb6 19. Bc1 e6 20. dxe6 Bxe6 21. Ne4 dxe5 22. fxe5 Qd7 23. Nxc5 Qd8 24. Ne4 Ng8 25. Be3 Rb4 26. Nd6 Re7 27. Bc5 Rb8 28. b4 Ne8 29. Ng5 Nh6 30. Qf2 Rc7 31. Nxe6 fxe6 32. Qe3 Nxd6 33. Bxd6 Rd7 34. Qf4 Rbb7 35. c5 Rf7 36. Qe4 Qh4 37. Kg2 Rxf1 38. Rxf1 Rf7 39. Qa8+ 1-0

[Event "Istanbul op"]
[Site "Istanbul"]
[Date "2014.09.07"]
[Round "9"]
[White "Sahin, Ozgun"]
[Black "Grigoriev, Armen"]
[Result "0-1"]
[WhiteElo "2039"]
[BlackElo "2199"]
[PlyCount "104"]
[EventDate "2014.09.01"]
[EventType "swiss"]
[EventRounds "9"]
[EventCountry "TUR"]
[SourceTitle "CBM 162 Extra"]
[Source "ChessBase"]
[SourceDate "2014.10.17"]
[SourceVersion "1"]
[SourceVersionDate "2014.10.17"]
[SourceQuality "1"]

1. e4 g6 2. d4 Bg7 3. c4 d6 4. Nc3 Nd7 5. Be3 e5 6. d5 Ne7 7. Bd3 0-0 8. Qd2 f5 9. Bh6 Nc5 10. Bc2 a5 11. Bxg7 Kxg7 12. f3 Ng8 13. 0-0-0 Bd7 14. h4 fxe4 15. Nxe4 Nxe4 16. Bxe4 Nf6 17. h5 Nxe4 18. fxe4 g5 19. h6+ Kh8 20. Nf3 Rf4 21. Rdf1 Qf6 22. Qc3 Bg4 23. Nd2 b6 24. Qe3 Rg8 25. g3 Rxf1+ 26. Rxf1 Qg6 27. Qf2 Qxh6 28. Qf7 Qg7 29. Nb1 Qxf7 30. Rxf7 h5 31. Kd2 h4 32. Ke3 hxg3 33. Nc3 Bh5 34. Rf1 Kh7 35. Rg1 Kh6 36. Rxg3 Rf8 37. Rh3 Kg6 38. Rh2 Rf3+ 39. Kd2 Rf7 40. Ke3 Rf1 41. Nb5 Re1+ 42. Kd2 Rxe4 43. Kd3 Rh4 44. Rf2 Rh3+ 45. Ke4 Bg4 46. Nxc7 Bf5+ 47. Rxf5 Rh4+ 48. Kd3 Kxf5 49. Ne8 Rh3+ 50. Ke2 Rh6 51. Kf3 e4+ 52. Ke3 Ke5 0-1

[Event "Cesme op 2nd"]
[Site "Cesme"]
[Date "2014.06.19"]
[Round "9"]
[White "Haznedaroglu, Kivanc"]
[Black "Grigoriev, Armen"]
[Result "1/2-1/2"]
[WhiteElo "2473"]
[BlackElo "2202"]
[PlyCount "105"]
[EventDate "2014.06.14"]
[EventType "swiss"]
[EventRounds "9"]
[EventCountry "TUR"]
[SourceTitle "CBM 160 Extra"]
[Source "ChessBase"]
[SourceDate "2014.07.01"]
[SourceVersion "1"]
[SourceVersionDate "2014.07.01"]
[SourceQuality "1"]

1. e4 c5 2. Nf3 Nc6 3. d4 cxd4 4. Nxd4 g6 5. Nc3 Bg7 6. Be3 Nf6 7. Be2 0-0 8. Qd2 d6 9. 0-0-0 Nxd4 10. Bxd4 Be6 11. Kb1 a6 12. f4 Rc8 13. Bd3 Bc4 14. Qe2 b5 15. Rhe1 Bxd3 16. Rxd3 Rc4 17. b3 Rc6 18. Nd5 e6 19. Nxf6+ Bxf6 20. e5 Bg7 21. Red1 d5 22. g4 Qe7 23. f5 exf5 24. gxf5 gxf5 25. Qf3 Rg6 26. Qxd5 Qe6 27. Qf3 Bh6 28. Bb2 f4 29. Rd8 Qg4 30. Qxg4 Rxg4 31. Ba3 Rxd8 32. Rxd8+ Kg7 33. Bf8+ Kg6 34. Rd6+ Kf5 35. Rxh6 Kxe5 36. Rxh7 f5 37. Bc5 Rg2 38. Ra7 f3 39. Rxa6 f2 40. Bxf2 Rxf2 41. Ra5 f4 42. a4 Rxh2 43. axb5 f3 44. b6+ Ke4 45. b7 Rh8 46. Rh5 Rb8 47. Rh7 f2 48. Rf7 Ke3 49. Re7+ Kd2 50. Rd7+ Ke2 51. Re7+ Kd2 52. Rf7 Ke2 53. Re7+ 1/2-1/2

[Event "Istanbul op-A 12th"]
[Site "Istanbul"]
[Date "2013.10.18"]
[Round "9"]
[White "Ozen, Bahadir"]
[Black "Grigoriev, Armen"]
[Result "0-1"]
[WhiteElo "1942"]
[BlackElo "2198"]
[PlyCount "372"]
[EventDate "2013.10.12"]
[EventType "swiss"]
[EventRounds "9"]
[EventCountry "TUR"]
[SourceTitle "EXT 2014"]
[Source "ChessBase"]
[SourceDate "2013.11.20"]
[SourceVersion "1"]
[SourceVersionDate "2013.11.20"]
[SourceQuality "1"]

1. d4 Nf6 2. c4 e6 3. Nc3 Bb4 4. Qc2 c5 5. dxc5 Bxc5 6. Nf3 Qb6 7. e3 Be7 8. g4 h6 9. b3 d6 10. Bb2 Nc6 11. 0-0-0 Bd7 12. Rg1 0-0-0 13. Nd4 Nb4 14. Qe2 a6 15. Kb1 Kb8 16. e4 g5 17. Bg2 Rhg8 18. e5 dxe5 19. Qxe5+ Qc7 20. Qe2 Ka8 21. Nf5 Bf8 22. Nb5 axb5 23. Bxf6 exf5 24. Bxd8 Qxd8 25. Qd2 Qa5 26. Bxb7+ Kb8 27. a4 Be6 28. Bh1 Be7 29. Rge1 Qc7 30. Rxe6 fxe6 31. Qd7 Rd8 32. Qxb5+ Kc8 33. Rxd8+ Kxd8 34. gxf5 Qd6 35. Qa5+ Ke8 36. Qa8+ Kf7 37. fxe6+ Kg7 38. Qf3 Qxe6 39. Qc3+ Qf6 40. Qxf6+ Kxf6 41. Kb2 Ke6 42. Kc3 Kd7 43. Kd4 Na6 44. Bf3 Ke6 45. Bg4+ Kd6 46. Bd1 Ke6 47. Bg4+ Kd6 48. Bd1 Bd8 49. Ke4 Bb6 50. f4 Ke6 51. fxg5 hxg5 52. Bg4+ Kd6 53. Bd1 Kc5 54. Kf5 Bd8 55. Bf3 Nb4 56. Be4 Kd4 57. Bb7 Kc5 58. Be4 Kb6 59. h3 Na6 60. Bc2 Kc5 61. Be4 Kd6 62. Bc2 Be7 63. Bb1 Nc5 64. Bc2 Ne6 65. Bd1 Nd4+ 66. Ke4 Kc5 67. Kd3 Bf6 68. Ke3 Be5 69. Ke4 Bg3 70. Kd3 Bf2 71. Kc3 Nc6 72. Kd3 Kd6 73. Ke4 Bb6 74. Kf5 Bd8 75. Ke4 Kc5 76. Kd3 Na5 77. Ke4 Nb7 78. Kd3 Nd6 79. Bg4 Ba5 80. Bd1 Be1 81. Ke2 Bc3 82. Kd3 Be5 83. Ke3 Bf6 84. Kd3 Kb4 85. Bc2 Bb2 86. Ke3 Nb7 87. Ke4 Bf6 88. Kf5 Bd8 89. Bd1 Na5 90. Bc2 Kc3 91. Bd1 Kd2 92. c5 Kc3 93. Bf3 Nxb3 94. c6 Nd4+ 95. Kg4 Kc4 96. a5 Kc5 97. Be4 Ne6 98. Bf5 Nc7 99. Bd7 Kb5 100. Kf5 Kxa5 101. Ke5 Be7 102. Kf5 Kb6 103. Ke4 Kc5 104. Ke5 Kb5 105. Kd4 Bf6+ 106. Ke4 Kc5 107. Kf5 Bd8 108. Ke5 Be7 109. Ke4 Kd6 110. Kd4 Bf6+ 111. Ke4 Be7 112. Kd4 Nd5 113. Ke4 Bd8 114. Kf5 Kc5 115. Be6 Nc7 116. Bd7 Kd5 117. Kg4 Ke5 118. Kf3 Nd5 119. Kg4 Nf6+ 120. Kf3 Ba5 121. Bg4 Kd6 122. Bd7 Be1 123. Bf5 Kxc6 124. Ke2 Bg3 125. Kf3 Be5 126. Be6 Kc5 127. Bc8 Kd4 128. Be6 Kc5 129. Bc8 Bc3 130. Bb7 Kd4 131. Bc6 Be1 132. Bb7 Bh4 133. Bc6 Kc5 134. Bb7 Kd6 135. Bc8 Ke5 136. Bb7 Nd5 137. Bc8 Kd4 138. Be6 Nf4 139. Bf5 Nd3 140. Bc8 Ne5+ 141. Kg2 Ke3 142. Bf5 Nd3 143. Bg4 Kd2 144. Bc8 Ke1 145. Bf5 Nf4+ 146. Kg1 Ke2 147. Bg4+ Ke3 148. Kf1 Bg3 149. Kg1 Nd3 150. Kg2 Kf4 151. Kf1 Ne5 152. Bc8 Nc4 153. Kg1 Bh4 154. Kg2 Ne3+ 155. Kh2 Kf3 156. Bb7+ Kf2 157. Bc6 Nf1+ 158. Kh1 Kg3 159. Bd7 Ne3 160. Be6 Nd1 161. Kg1 Nf2 162. Bc8 Nxh3+ 163. Kh1 g4 164. Bd7 Nf4 165. Kg1 Be7 166. Bxg4 Kxg4 167. Kh2 Kf3 168. Kg1 Nd3 169. Kf1 Bd6 170. Kg1 Nf2 171. Kf1 Bh2 172. Ke1 Ne4 173. Kd1 Ke3 174. Kc2 Nd2 175. Kc3 Bd6 176. Kc2 Be5 177. Kd1 Kd3 178. Ke1 Bg3+ 179. Kd1 Nc4 180. Kc1 Bh4 181. Kd1 Nb2+ 182. Kc1 Kc3 183. Kb1 Kb3 184. Kc1 Bg5+ 185. Kb1 Nc4 186. Ka1 Bf4 0-1

[Event "Istanbul op-A 12th"]
[Site "Istanbul"]
[Date "2013.10.16"]
[Round "6"]
[White "Grigoriev, Armen"]
[Black "Annaberdiev, Meilis"]
[Result "1/2-1/2"]
[WhiteElo "2198"]
[BlackElo "2431"]
[PlyCount "88"]
[EventDate "2013.10.12"]
[EventType "swiss"]
[EventRounds "9"]
[EventCountry "TUR"]
[SourceTitle "EXT 2014"]
[Source "ChessBase"]
[SourceDate "2013.11.20"]
[SourceVersion "1"]
[SourceVersionDate "2013.11.20"]
[SourceQuality "1"]

1. Nf3 g6 2. g3 Bg7 3. Bg2 e5 4. e4 Nc6 5. d3 Nge7 6. c4 d6 7. h3 0-0 8. Nc3 f5 9. Nd5 h6 10. Qe2 Nxd5 11. cxd5 Ne7 12. Bd2 c6 13. exf5 gxf5 14. dxc6 bxc6 15. d4 e4 16. Nh4 a5 17. Qh5 Qe8 18. Qxe8 Rxe8 19. Be3 Rb8 20. 0-0-0 Nd5 21. Bf1 Nxe3 22. fxe3 c5 23. Bc4+ Kh7 24. Bf7 Rf8 25. Bg6+ Kg8 26. Rhf1 cxd4 27. exd4 Ba6 28. Rxf5 Rbc8+ 29. Kd2 Bxd4 30. Rxf8+ Rxf8 31. Bxe4 Rf2+ 32. Kc1 Bxb2+ 33. Kb1 Be5 34. Nf5 Bc4 35. Bc2 h5 36. g4 Be6 37. Nxd6 Bxa2+ 38. Kxa2 Rxc2+ 39. Kb3 Rc3+ 40. Ka4 h4 41. Nf5 Rxh3 42. Re1 Bc3 43. Re4 Rh1 44. g5 h3 1/2-1/2